000 01046nam a2200241Ia 4500
003 Ost
005 20260416102349.0
008 260416s9999||||xx |||||||||||||| ||und||
040 _cfsecg
041 _aara
082 _a658.8
100 _aجيلالي، أمير
_eمؤلف
245 0 _aتسويق الخدمات والتسويق الدولي /
_c أمير جيلالي
260 _aالجزائر
_bجامعة الجزائر3: كلية العلوم الإقتصادية، العلوم التجارية وعلوم التسيير
_c2010
300 _a135 ورقة
_bايضاحات
_c30 سم
504 _aمراجع ص.134
520 _aمضامين التسويق، الخدمات، تسويق الخدمات، التسويق الدولي
653 _aادارة الاعمال
653 _aالتسويق
653 _aالتسويق الدولي
710 _aجامعة الجزائر3: كلية العلوم الإقتصادية، العلوم التجارية وعلوم التسيير
_eناشر علمي
942 _cHANDOUT
999 _c40946
_d40946